00776nam a2200193 a 450000100100000000500170001000800410002704000250006808200160009310000420010924501390015126000400029030000210033050000430035170000420039404900090043695201200044599900170056500002287820200930021843.0101122s1986 mx r 000 0 spa d aDO-SdBNPbspacBNPHU axxxxbM875d1 aMorris, Richard B.,d1904-198994702010aDocumentos fundamentales de la historia de los Estados Unidos de América / Richard B. Morris ; traducción Antonio Guzmán Balboa. aMéxico, D. F. ; :bLimusa,c1986. a317 p. ;c20 cm. aIncluye notas al pie de las páginas.1 aGuzmán Balboa, Antonio,etr.947021 aBNGR 001054708MOaGRbGRcCTd2010-11-22iLF1l0oxxxx M875dp22878-10r2020-06-25w2020-06-25y4ZPréstamo en sala c22375d22375